| 000 | 00480nam a2200169Ia 4500 | ||
|---|---|---|---|
| 008 | 230718s9999 xx 000 0 und d | ||
| 020 | _a9789332902626 | ||
| 041 | _aeng | ||
| 082 |
_a621.381'04 _bSIN |
||
| 100 |
_aSingh J. _9116383 |
||
| 245 |
_aOptoelectronics _bAn Introduction To Materials And Devices |
||
| 260 |
_c2014 _bMcGraw Hill |
||
| 300 | _a537 | ||
| 365 |
_cRs. _b1095.00 |
||
| 700 |
_aSingh J. _9116383 |
||
| 906 |
_dO:0377817-Feb-2014B:42309-Jan-2014 _cINST _b821.25 |
||
| 999 |
_c335492 _d335492 |
||